000
00214nam a22001097a 4500
999
_c
12357
_d
12357
020
_a
978-8120311787
082
_a
658.8
100
_a
Philip Kotler
245
_a
Marketing Management
250
_a
9th
942
_c
BK